[Event "Klementowice op 2nd"]
[Site "Klementowice"]
[Date "2011.08.19"]
[Round "7"]
[White "Kaluzny, Lukasz"]
[Black "Celmer, Jan"]
[Result "1-0"]
[WhiteElo "2031"]
[BlackElo "1899"]
[PlyCount "113"]
[EventDate "2011.08.14"]
[EventType "swiss"]
[EventRounds "9"]
[EventCountry "POL"]
[SourceTitle "CBM 144 Extra"]
[Source "ChessBase"]
[SourceDate "2011.10.28"]
[SourceVersion "1"]
[SourceVersionDate "2011.10.28"]
[SourceQuality "1"]

1. d4 Nf6 2. Bf4 g6 3. Nf3 Bg7 4. e3 d6 5. Bc4 Bd7 6. h3 b5 7. Bb3 0-0 8. 0-0 Bc6 9. Nbd2 Nbd7 10. c3 Bb7 11. Qe2 a6 12. e4 Nh5 13. Bg5 h6 14. g4 Nhf6 15. Bf4 e6 16. Rad1 Re8 17. e5 Nd5 18. Bg3 N7b6 19. Bc2 Bf8 20. h4 f5 21. exf6 Qxf6 22. Qe4 Kf7 23. h5 g5 24. Qh7+ Bg7 25. Bg6+ Ke7 26. Bxe8 Rxe8 27. Ne4 Qf7 28. Nfxg5 Nf6 29. Nxf7 Nxh7 30. Nfxd6 cxd6 31. Nxd6 Rb8 32. Nf5+ exf5 33. Bxb8 fxg4 34. Rfe1+ Kf7 35. Rd2 Ng5 36. Ree2 Nf3+ 37. Kf1 Nxd2+ 38. Rxd2 Bf3 39. b3 Ke6 40. Ba7 Nc8 41. Bc5 Kd5 42. a4 Ke4 43. axb5 axb5 44. c4 bxc4 45. bxc4 Bf6 46. d5 Ne7 47. Bxe7 Bxe7 48. d6 Bd8 49. c5 Ke5 50. d7 Bd5 51. Re2+ Be4 52. Ra2 Kd4 53. Rb2 Kxc5 54. Rb8 Kc6 55. Rxd8 Kc7 56. Rh8 Kxd7 57. Rxh6 1-0

[Event "Klementowice op 2nd"]
[Site "Klementowice"]
[Date "2011.08.16"]
[Round "4"]
[White "Kotlowska, Anna"]
[Black "Celmer, Jan"]
[Result "0-1"]
[WhiteElo "1689"]
[BlackElo "1899"]
[PlyCount "72"]
[EventDate "2011.08.14"]
[EventType "swiss"]
[EventRounds "9"]
[EventCountry "POL"]
[SourceTitle "CBM 144 Extra"]
[Source "ChessBase"]
[SourceDate "2011.10.28"]
[SourceVersion "1"]
[SourceVersionDate "2011.10.28"]
[SourceQuality "1"]

1. e4 c5 2. Nc3 Nc6 3. f4 d6 4. Bb5 Bd7 5. Nf3 e6 6. Bxc6 Bxc6 7. d3 Nf6 8. 0-0 Be7 9. Qe1 0-0 10. Qg3 c4 11. f5 Kh8 12. Ng5 e5 13. Qh4 h6 14. Qh3 cxd3 15. cxd3 Rc8 16. Nf3 Nh7 17. g4 b5 18. a3 a6 19. Kh1 Bb7 20. Rg1 Ng5 21. Nxg5 Bxg5 22. Qh5 Bxc1 23. Raxc1 Qg5 24. Qxg5 hxg5 25. Rg3 d5 26. exd5 Bxd5+ 27. Kg1 Rfd8 28. Re3 f6 29. Kf2 Bb3 30. Ke2 a5 31. Rb1 b4 32. axb4 axb4 33. Ne4 Rc2+ 34. Nd2 Ba2 35. Ra1 Rxb2 36. Kf3 Rxd2 0-1

[Event "Klementowice Gr-A 1st"]
[Site "Klementowice"]
[Date "2010.08.29"]
[Round "9.2"]
[White "Cukrowski, Filip"]
[Black "Celmer, Jan"]
[Result "1-0"]
[WhiteElo "1947"]
[BlackElo "1901"]
[PlyCount "107"]
[EventDate "2010.08.23"]
[EventType "swiss"]
[EventRounds "9"]
[EventCountry "POL"]
[SourceTitle "EXT 2023"]
[Source "ChessBase"]
[SourceDate "2022.10.05"]
[SourceVersion "1"]
[SourceVersionDate "2022.10.05"]
[SourceQuality "1"]

1. e4 c5 2. Nf3 d6 3. d4 cxd4 4. Nxd4 Nf6 5. Nc3 g6 6. Be3 Bg7 7. f3 0-0 8. Qd2 Nc6 9. 0-0-0 d5 10. Kb1 e6 11. g4 Nxd4 12. Bxd4 dxe4 13. g5 Nh5 14. Bxg7 Qxd2 15. Rxd2 Kxg7 16. Nxe4 f6 17. Bc4 fxg5 18. Nxg5 Nf4 19. Re1 h6 20. Ne4 Rb8 21. a4 a6 22. Nc3 Kf7 23. Rd4 g5 24. Red1 Ke7 25. Bb3 Ng6 26. Re4 b5 27. axb5 axb5 28. Nd5+ Kf7 29. Ne3 Rb6 30. Nf5 Kf6 31. Nd6 Bd7 32. Re3 Ke7 33. Ne4 Rc6 34. Nc3 Rd6 35. Rxd6 Kxd6 36. Nxb5+ Kc5 37. Nc3 e5 38. Ne4+ Kb6 39. Nd2 Bb5 40. Bc4 Bc6 41. Bd3 Nf4 42. Nc4+ Kc7 43. Be4 Ng2 44. Rc3 Bxe4 45. fxe4 Kb7 46. Nxe5 Rf4 47. Nc4 Rh4 48. Nd6+ Kb6 49. h3 Rf4 50. Ka2 Ne1 51. e5 Rd4 52. Nc8+ Kb7 53. e6 Ra4+ 54. Kb3 1-0

[Event "Klementowice Gr-A 1st"]
[Site "Klementowice"]
[Date "2010.08.26"]
[Round "4.5"]
[White "Czerw, Dawid"]
[Black "Celmer, Jan"]
[Result "1-0"]
[WhiteElo "1707"]
[BlackElo "1901"]
[PlyCount "69"]
[EventDate "2010.08.23"]
[EventType "swiss"]
[EventRounds "9"]
[EventCountry "POL"]
[SourceTitle "EXT 2023"]
[Source "ChessBase"]
[SourceDate "2022.10.05"]
[SourceVersion "1"]
[SourceVersionDate "2022.10.05"]
[SourceQuality "1"]

1. d4 Nf6 2. c4 c5 3. d5 e6 4. Nc3 exd5 5. cxd5 d6 6. e4 g6 7. Bd3 Bg7 8. h3 0-0 9. Nf3 Re8 10. 0-0 a6 11. a4 Nbd7 12. Bf4 c4 13. Bc2 Qb6 14. Ra2 Nc5 15. Nd2 Qc7 16. Re1 Bd7 17. Nxc4 Ncxe4 18. Nxe4 Qxc4 19. Bb3 Qb4 20. Bxd6 Qb6 21. a5 Qd8 22. Nxf6+ Qxf6 23. Bb4 Qh4 24. Bd2 Rxe1+ 25. Qxe1 Re8 26. Qd1 Bd4 27. Qf3 Bc5 28. Ra1 Bd6 29. Re1 Rxe1+ 30. Bxe1 Qg5 31. Bc3 Bf5 32. Qe3 Qd8 33. Qd4 Kf8 34. Qh8+ Ke7 35. Bf6+ 1-0

[Event "POL-chT 2nd League"]
[Site "Miedzyzdroje"]
[Date "2009.09.19"]
[Round "8"]
[White "Jecek, Miroslaw"]
[Black "Celmer, Jan"]
[Result "1-0"]
[WhiteElo "1966"]
[BlackElo "1933"]
[PlyCount "68"]
[EventDate "2009.09.12"]
[EventType "team-swiss"]
[EventRounds "9"]
[EventCountry "POL"]
[SourceTitle "EXT 2019"]
[Source "ChessBase"]
[SourceDate "2018.10.10"]
[SourceVersion "1"]
[SourceVersionDate "2018.10.10"]
[SourceQuality "1"]
[WhiteTeam "Lubsko Caissa"]
[BlackTeam "Krakow KKSz 1893"]
[WhiteTeamCountry "POL"]
[BlackTeamCountry "POL"]

1. e4 c5 2. Nf3 d6 3. c3 Nf6 4. Be2 Nc6 5. d3 g6 6. 0-0 Bg7 7. h3 0-0 8. Bg5 h6 9. Be3 Bd7 10. Na3 Rc8 11. Qd2 Kh7 12. Nc2 b5 13. a3 Na5 14. Rab1 Nb3 15. Qe1 a5 16. Nd2 Be6 17. f4 Nxd2 18. Bxd2 c4 19. Ne3 cxd3 20. Bxd3 Qb6 21. Qf2 Qb7 22. Qf3 d5 23. exd5 Nxd5 24. Be4 Rfd8 25. f5 gxf5 26. Nxf5 Qa7+ 27. Kh1 Nf6 28. Nxg7+ Kxg7 29. Be3 Qa6 30. Qg3+ Bg4 31. Bc2 h5 32. Qf4 Rh8 33. Bd4 Rc7 34. Rbe1 Kf8 1-0

[Event "Krakow KKSz-ch"]
[Site "Krakow"]
[Date "2009.08.18"]
[Round "9"]
[White "Sobolewski, Bartosz"]
[Black "Celmer, Jan"]
[Result "1/2-1/2"]
[WhiteElo "1886"]
[BlackElo "1919"]
[PlyCount "80"]
[EventDate "2009.08.12"]
[EventType "swiss"]
[EventRounds "9"]
[EventCountry "POL"]
[SourceTitle "CBM 132 Extra"]
[Source "ChessBase"]
[SourceDate "2009.11.03"]
[SourceVersion "1"]
[SourceVersionDate "2009.11.03"]
[SourceQuality "1"]

1. d4 Nf6 2. Nf3 g6 3. g3 Bg7 4. Bg2 0-0 5. c4 d6 6. 0-0 Nbd7 7. Nc3 e5 8. dxe5 dxe5 9. e4 c6 10. Qc2 Qc7 11. h3 Re8 12. Be3 Nf8 13. Rfd1 Be6 14. b3 h6 15. Rd2 N8d7 16. Rad1 Bf8 17. Ne1 Nc5 18. Nd3 Nfd7 19. Nxc5 Nxc5 20. Qb2 a5 21. Bf1 Kh7 22. Kh2 Be7 23. f3 Rf8 24. Rf2 f5 25. exf5 Bxf5 26. g4 Be6 27. Ne4 Nxe4 28. fxe4 Bh4 29. Rxf8 Rxf8 30. Bg2 Be7 31. Qd2 Bb4 32. Qb2 Bg8 33. c5 Qe7 34. Qc1 a4 35. bxa4 g5 36. Rd6 Qf7 37. Qd1 Qxa2 38. Rd7+ Rf7 39. Qd6 Rxd7 40. Qxd7+ Qf7 1/2-1/2

[Event "Chojnice op-A 4th"]
[Site "Chojnice"]
[Date "2008.07.17"]
[Round "8"]
[White "Szybowicz, Piotr"]
[Black "Celmer, Jan"]
[Result "1-0"]
[WhiteElo "2006"]
[BlackElo "1967"]
[PlyCount "75"]
[EventDate "2008.07.12"]
[EventType "swiss"]
[EventRounds "9"]
[EventCountry "POL"]
[SourceTitle "EXT 2018"]
[Source "ChessBase"]
[SourceDate "2017.10.13"]
[SourceVersion "1"]
[SourceVersionDate "2017.10.13"]
[SourceQuality "1"]

1. d4 Nf6 2. Nf3 g6 3. Nc3 d5 4. Bg5 Bg7 5. e3 0-0 6. Bd3 c5 7. 0-0 Nc6 8. Re1 a6 9. Ne5 Qd6 10. Nxc6 Qxc6 11. a4 b6 12. f4 Rb8 13. Qf3 cxd4 14. exd4 e6 15. Ne2 Ne4 16. c3 f6 17. Bh4 Rf7 18. Ng3 f5 19. Qe2 b5 20. axb5 axb5 21. Nxe4 dxe4 22. Bc2 b4 23. Qd2 bxc3 24. bxc3 Rc7 25. Re3 Rb2 26. Rb1 Rcb7 27. Rxb2 Rxb2 28. Re1 Qb5 29. Be7 Ba6 30. Bb4 Qc4 31. Ba3 Ra2 32. Bc5 Bf8 33. Bxf8 Kxf8 34. Rb1 e3 35. Qxe3 Rxc2 36. Qe5 Kg8 37. Qd6 Qd5 38. Rb8+ 1-0

[Event "Krakow KKSz op"]
[Site "Krakow"]
[Date "2008.06.22"]
[Round "5.3"]
[White "Gregulski, Zbigniew"]
[Black "Celmer, Jan"]
[Result "0-1"]
[WhiteElo "1962"]
[BlackElo "1958"]
[PlyCount "144"]
[EventDate "2008.06.20"]
[EventType "swiss"]
[EventRounds "5"]
[EventCountry "POL"]
[SourceTitle "EXT 2023"]
[Source "ChessBase"]
[SourceDate "2022.10.05"]
[SourceVersion "1"]
[SourceVersionDate "2022.10.05"]
[SourceQuality "1"]

1. e4 c5 2. Nf3 d6 3. d4 cxd4 4. Nxd4 Nf6 5. Nc3 g6 6. Bc4 Bg7 7. Be3 Nc6 8. f3 0-0 9. Qd2 Bd7 10. 0-0-0 Qa5 11. Kb1 Rfc8 12. Bb3 Ne5 13. h4 h5 14. Bg5 Rxc3 15. Qxc3 Qxc3 16. bxc3 a5 17. a4 Rc8 18. Bc1 Nc4 19. Ne2 Nb6 20. Nf4 Nxa4 21. Bxa4 Bxa4 22. Bb2 Bd7 23. c4 Rxc4 24. Nd5 Nxd5 25. Bxg7 Ne3 26. Rd3 Rb4+ 27. Kc1 Kxg7 28. Rxe3 a4 29. Rd1 Be6 30. Rdd3 b5 31. Ra3 Kf6 32. f4 Bd7 33. g3 e5 34. c3 Rc4 35. Kd2 Bc6 36. Kd3 exf4 37. gxf4 d5 38. exd5 Bxd5 39. Re5 Bc6 40. Ke3 Kg7 41. Re7 Kf8 42. Rc7 Ke8 43. Kd2 Bd5 44. Rxc4 Bxc4 45. Ke3 Ke7 46. Ke4 Kd6 47. Kd4 Be6 48. Ra1 Kc6 49. Ra3 Kd6 50. Ra1 Bd7 51. Re1 f6 52. Rg1 Be6 53. Ra1 Bf7 54. Ra3 Ke6 55. Ke4 Be8 56. Ra1 Bc6+ 57. Kd4 Kd6 58. Re1 Bd7 59. Rg1 Be8 60. Re1 Bf7 61. Ra1 Bb3 62. Ra3 Ke6 63. Ke4 Bc2+ 64. Ke3 Kf5 65. Kf3 Bd1+ 66. Ke3 Kg4 67. Ra1 Bc2 68. Ra2 Bb3 69. Rg2+ Kf5 70. Rb2 Bc4 71. Rg2 a3 72. Rg1 a2 0-1

[Event "Krakow KKSz op"]
[Site "Krakow"]
[Date "2008.06.21"]
[Round "2.2"]
[White "Celmer, Jan"]
[Black "Slabek, Grzegorz"]
[Result "0-1"]
[WhiteElo "1958"]
[BlackElo "2160"]
[PlyCount "56"]
[EventDate "2008.06.20"]
[EventType "swiss"]
[EventRounds "5"]
[EventCountry "POL"]
[SourceTitle "EXT 2023"]
[Source "ChessBase"]
[SourceDate "2022.10.05"]
[SourceVersion "1"]
[SourceVersionDate "2022.10.05"]
[SourceQuality "1"]

1. e4 d5 2. exd5 Nf6 3. c4 c6 4. d4 cxd5 5. Nf3 e6 6. Be2 Be7 7. 0-0 0-0 8. Nc3 Nc6 9. a3 dxc4 10. Bxc4 a6 11. Bg5 b5 12. Bb3 Na5 13. Bc2 Bb7 14. Qd3 g6 15. Rad1 Nc4 16. Bc1 Rc8 17. Rfe1 Qc7 18. Ne5 Nxa3 19. Bb3 Nc4 20. Qh3 Nxe5 21. dxe5 Nd5 22. Bh6 Nxc3 23. bxc3 Rfd8 24. Bxe6 Rxd1 25. Rxd1 Rd8 26. Bd7 Qxe5 27. Qe3 Qxe3 28. Bxe3 Bc8 0-1

[Event "Krakow U20"]
[Site "Krakow"]
[Date "2008.03.01"]
[Round "1"]
[White "Celmer, Jan"]
[Black "Mrozowski, Andrzej"]
[Result "1/2-1/2"]
[WhiteElo "1958"]
[BlackElo "1651"]
[PlyCount "47"]
[EventDate "2008.03.01"]
[EventType "swiss"]
[EventRounds "5"]
[EventCountry "POL"]
[SourceTitle "EXT 2010"]
[Source "ChessBase"]
[SourceDate "2010.11.25"]
[SourceVersion "1"]
[SourceVersionDate "2010.11.25"]
[SourceQuality "1"]

1. e4 e6 2. d4 d5 3. Nc3 Nf6 4. Bg5 Be7 5. e5 Nfd7 6. h4 h6 7. Bxe7 Qxe7 8. Qg4 0-0 9. 0-0-0 c5 10. f4 cxd4 11. Nb5 Nc6 12. Nf3 a6 13. Nbxd4 Nxd4 14. Nxd4 b5 15. Rh3 Re8 16. Rg3 Qf8 17. Qh5 Kh8 18. Re1 g6 19. Qg4 h5 20. Qf3 Bb7 21. Rg5 Nc5 22. f5 exf5 23. Nxf5 Ne4 24. Rxh5+ 1/2-1/2

[Event "Chojnice op"]
[Site "Chojnice"]
[Date "2007.07.14"]
[Round "2"]
[White "Baturo, Tomasz"]
[Black "Celmer, Jan"]
[Result "1-0"]
[WhiteElo "2053"]
[BlackElo "1998"]
[PlyCount "37"]
[EventDate "2007.07.14"]
[EventType "swiss"]
[EventRounds "9"]
[EventCountry "POL"]
[SourceTitle "CBM 119 Extra"]
[Source "ChessBase"]
[SourceDate "2007.09.04"]
[SourceVersion "1"]
[SourceVersionDate "2007.09.04"]
[SourceQuality "1"]

1. e4 c5 2. c3 d5 3. exd5 Qxd5 4. d4 Nc6 5. Nf3 Nf6 6. Na3 Bf5 7. Be3 cxd4 8. Nb5 Qd8 9. Nbxd4 Bd7 10. Qb3 Nxd4 11. Nxd4 e5 12. Nf3 Qc7 13. Bc4 Bg4 14. 0-0-0 Bh5 15. Bb5+ Ke7 16. Qb4+ Ke6 17. Bc4+ Kf5 18. Nh4+ Kg4 19. Be2# 1-0

[Event "Chojnice op-B 2nd"]
[Site "Chojnice"]
[Date "2006.??.??"]
[Round "7"]
[White "Tyda, Beata"]
[Black "Celmer, Jan"]
[Result "1-0"]
[WhiteElo "1868"]
[BlackElo "1800"]
[PlyCount "39"]
[EventDate "2006.07.??"]
[EventType "swiss"]
[EventRounds "9"]
[EventCountry "POL"]
[SourceTitle "EXT 2007"]
[Source "ChessBase"]
[SourceDate "2006.11.23"]
[SourceVersion "1"]
[SourceVersionDate "2006.11.23"]
[SourceQuality "1"]

1. e4 c5 2. Nf3 d6 3. d4 cxd4 4. Nxd4 Nf6 5. Nc3 a6 6. f3 e6 7. Be3 Be7 8. Qd2 Qc7 9. g4 Nbd7 10. 0-0-0 Rb8 11. g5 Nh5 12. f4 b5 13. a3 b4 14. axb4 Rxb4 15. Nd5 exd5 16. Qxb4 Nb6 17. Nf5 Nc4 18. Bxc4 dxc4 19. Nxd6+ Kf8 20. Bc5 1-0